Statistiken für Formel 1 Nummern Quiz

Klicken Sie hier um das Quiz zu spielen!

Allgemein

  • Dieses Quiz wurde 602 mal gespielt
  • Das Durchschnittsergebnis liegt bei 16 aus 21

Antwortstatistiken

HintAntwort% Korrekt
1 Red BullMax Verstappen
100%
4 McLarenLando Norris
97%
3 McLarenDaniel Ricciardo
93%
5 Aston MartinSebastian Vettel
93%
11 Red BullSergio Perez
93%
44 MercedesLewis Hamilton
91%
16 FerrariCharles Leclerc
90%
55 FerarriCarlos Sainz
89%
14 AlpineFernando Alonso
88%
10 AlphaTauriPierre Gasly
87%
77 Alfa RomeoValtteri Bottas
87%
18 Aston MartinLance Stroll
86%
47 HaasMick Schumacher
83%
20 HaasKevin Magnussen
82%
22 AlphaTauriYuki Tsunoda
82%
31 AlpineEsteban Ocon
78%
63 MercedesGeorge Russell
72%
27 Aston MartinNico Hülkenberg
44%
23 WilliamsAlex Albon
38%
6 WilliamsNicolas Latifi
27%
24 Alfa RomeoGuanyu Zhou
21%

Verteilung der Resultate

Perzentil nach korrekt beantworteten Fragen

Anzahl Personen mit jedem Resultat

Ihre Resultats-Entwicklung

Sie haben dieses Quiz noch nicht gespielt